| 000 | 00874nam a2200229Ia 4500 | ||
|---|---|---|---|
| 003 | GCL | ||
| 008 | 140319s9999 xx 000 0 ara d | ||
| 020 | _a1234009957 | ||
| 040 |
_aGCL / _cGCL |
||
| 082 | 0 | 4 |
_a071 _bع ص |
| 100 | 1 | _aعبدالامير مويت الفيصل | |
| 245 | 1 | 0 |
_aالصحافة الالكترونية فى الوطن العربى / _cعبدالامير مويت الفيصل |
| 250 | _aالاولى | ||
| 260 |
_aالاردن : _bدار الشروق ، _c2006 |
||
| 300 |
_a312 ص ؛ _c24 سم |
||
| 650 | 0 | 4 | _aالصحافة - التحرير الالى |
| 650 | 0 | 4 | _aالصحافة الالكترونية |
| 650 | 0 | 4 | _aالصحافة الالكترونية - النشاة والتطور |
| 650 | 0 | 4 | _aالصحافة الالكترونية - مواقع |
| 650 | 0 | 4 | _aالصحافة الالكترونية - تصميم |
| 942 |
_2ddc _cBK |
||
| 999 |
_c38730 _d38730 |
||